000 00417nam a22000977a 4500
008 110701t xxu||||| |||| 00| 0 eng d
010 _aLDF138
245 _aThe Republic of Uganda The Registration of Titles Act Cap, 230 Application for Issue of A Special Certificate of the Title
260 _c2000
999 _c4387
_d4387